00368cam a22001217a 4500008004000000020001500040082001700055100002300072245006700095260003000162300001000192650004400202180718b2006 xxu||||| |||| 00| 0 eng d a8126906030 aA99/G151 D33 aDayal, Parmeshwari aGandhian theory of social reconstructioncby Parmeshwari Dayal aNew DelhibAtlanticc2006 a383p. aGandhi, M.K. criticism and interpretion